LIBRARY & INFORMATION CENTRE, KCAET, TAVANUR

ONLINE PUBLIC ACCESS CATALOGUE (OPAC)

Electronics / (Record no. 1984)

MARC details
000 -LEADER
fixed length control field 00412cam a2200169ua 4500
003 - CONTROL NUMBER IDENTIFIER
control field OSt
008 - FIXED-LENGTH DATA ELEMENTS--GENERAL INFORMATION
fixed length control field 250104b |||||||| |||| 00| 0 eng d
041 ## - LANGUAGE CODE
Language code of text/sound track or separate title eng
082 ## - DEWEY DECIMAL CLASSIFICATION NUMBER
Classification number 621.381
Item number MIL/EL
100 ## - MAIN ENTRY--AUTHOR NAME
Personal name Millman, Jacob .
245 ## - TITLE STATEMENT
Title Electronics /
250 ## - EDITION STATEMENT
Edition statement 1 /
260 ## - PUBLICATION, DISTRIBUTION, ETC. (IMPRINT)
Place of publication New York :
Name of publisher McGraw Hill Book Company ,
Year of publication 1951.
300 ## - PHYSICAL DESCRIPTION
Number of Pages 598 ; .
700 1# - ADDED ENTRY--PERSONAL NAME
Personal name Seely, Samuel .
942 ## - ADDED ENTRY ELEMENTS (KOHA)
Koha item type Books
Holdings
Withdrawn status Lost status Damaged status Home library Current library Date acquired Full call number Accession Number Koha item type
      KAUAET KAUAET 07/04/2012 621.381 MIL/EL 12169 Books
free website counter